Guess the eras - Statistics

General Stats
  • This quiz has been taken 42 times
  • The average score is 11 of 14
Answer Stats
Hint Answer % Correct
💂‍♀️ Empire British Empire
97%
USA Vs USSR Cold War Era
93%
👮‍♀️👮‍♀️👮‍♀️👮‍♀️ Them Police Era
93%
THIS IS _____ Sparta
93%
The very first era Stone Age
93%
Today Modern Era
90%
Yee Haw🤠 Cow Boy Era
86%
Black Death Middle Ages
86%
Me matey! Piracy/Pirate Era
86%
2 major wars World War Era
86%
Maya,Aztec etc Native American Age
83%
There’s nothing we can do Napoleonic Wars
59%
Takes place in Russia Salvery Age
45%
Gunpowder was introduced Renaissance
41%
No matching quizzes found
Score Distribution
Percent of People with Each Score
Percentile by Number Answered
Your Score History
You have not taken this quiz